| 000 | 01142nam a22002537a 4500 | ||
|---|---|---|---|
| 005 | 20090825120337.0 | ||
| 008 | 090728t xxu||||| |||| 00| 0 pun d | ||
| 010 | _aPUN-6475 | ||
| 020 |
_a9788186745298 _c150.00 |
||
| 035 | _aPN-5593 | ||
| 037 | _bDBAD / PUB | ||
| 040 |
_adpl _bpn |
||
| 082 | _a915.4 | ||
| 100 |
_aਅਮਰਜੀਤ ਸਿੰਘ _924414 |
||
| 245 |
_aਚਲੋ ਅਮਰੀਕਾ ਚਲੋ / _cਅਮਰਜੀਤ ਸਿੰਘ |
||
| 246 |
_aChaloo America Chaloo _bby Amarjit Singh |
||
| 260 |
_aਦਿੱਲੀ _bਸਤਵੰਤ ਬੁਕ ਏਜੰਸੀ _c2010 |
||
| 270 |
_aਪਲੱਈਅਰ ਗਾਰਡਨ ਮਾਰਕਿਟ, ਚਾਂਦਨੀ ਚੋਕ, _bਦਿੱਲੀ _k011-23264342, 64529291 _mnbs-bookshop@rediff mail.com. _e110 006 |
||
| 300 | 4 |
_a79 ਸਫੇ _c22 ਸੇਮੀ (ਸਜਿਲੱਦ) |
|
| 650 |
_aਯਾਤ੍ਰਾੰ _924411 |
||
| 650 |
_aTravelogue _924412 |
||
| 942 |
_2ddc _cPN _h915.4 _mਅਮਰ |
||
| 999 |
_c48693 _d48693 |
||